Central Library OPAC University of Rajshahi
Normal view MARC view

Entry Personal Name

Number of records used in: 5

001 - CONTROL NUMBER

  • control field: 9532

003 - CONTROL NUMBER IDENTIFIER

  • control field: BD-RjUL

005 - DATE AND TIME OF LATEST TRANSACTION

  • control field: 20231015095544.0

008 - FIXED-LENGTH DATA ELEMENTS

  • fixed length control field: 231015|| aca||aabn | a|a d

040 ## - CATALOGING SOURCE

  • Original cataloging agency: BD-RjUL
  • Transcribing agency: BD-RjUL

100 ## - HEADING--PERSONAL NAME

  • Personal name: Mostofa, Mahbub, Co-Supervisor

670 ## - SOURCE DATA FOUND

  • Source citation: Work cat.: (BD-RjUL)82107: Sultana, Mst. Rokeya 9529, Incidence of Gastro-Intestinal Nematodes of Sattle in Rajshahi and Anthelmintic Efficacy of Medicinal Plants and Patent Drugs Against Them /, 2014